| 000 | 01381cam a22003974i 4500 | ||
|---|---|---|---|
| 003 | PE-LiUPU | ||
| 005 | 20250731173214.0 | ||
| 008 | 150625s r 000 0 d | ||
| 035 | _a(Sirsi) a32729 | ||
| 040 |
_aPE-LiUPU _bspa _cPE-LiUPU _erda |
||
| 082 | 0 | 4 |
_a224.4 _bZ96 _221 |
| 100 | 1 |
_aZurro, Eduardo, _eautor. |
|
| 245 | 1 | 0 | _aEzequiel. |
| 264 | 1 |
_aMadrid : _bEdiciones Cristiandad, _c1971. |
|
| 300 |
_a299 páginas ; _c19 cm. |
||
| 336 |
_atext _2rdacontent |
||
| 337 |
_aunmediated _2rdamedia |
||
| 338 |
_avolume _2rdacarrier |
||
| 505 | 0 | _aVocación: Primera actividad del profeta. -El templo profanado. -Primera actividad del profeta II. -Segunda actividad de la profecía. -Oráculos contra Gog. -Nuevo templo y nueva tierra. | |
| 526 | _aSEG42 | ||
| 526 | _aSEG41 | ||
| 526 | _aSEG40 | ||
| 526 | _aSEG39 | ||
| 526 | _aP94 | ||
| 526 | _aP87 | ||
| 526 | _aP86 | ||
| 526 | _aP85 | ||
| 526 | _aP77 | ||
| 526 | _aP76 | ||
| 526 | _aP35 | ||
| 942 |
_2ddc _cBOOK |
||
| 949 |
_a224.4 Z96 _wDEWEY _c1 _i39027 _lCCODEBUL1 _mBUL _p10 _r0 _sY _tBOOK _u2015-06-25 _xBIBLIOTECA _zUNKNOWN _0COMPRA _o.STAFF. Colección General |
||
| 596 | _a1 | ||
| 999 |
_a224.4 Z96 _wDEWEY _c40413 _i39027 _d40413 _f2021-11-9 _g5 _lCCODEBUL1 _mBUL _q4 _r0 _sY _tBOOK _u2015-6-25 _xTEOLOGIA _zUNKNOWN _0COMPRA _o.STAFF. Colección General |
||
| 980 |
_81 _gALBERTO SANCHEZ Responsable de Automatización |
||